[Event "Fagernes op"]
[Site "Fagernes"]
[Date "2024.03.27"]
[Round "5"]
[White "Kaewpitakkun, Pantham"]
[Black "Lilliehook, Victor"]
[Result "1-0"]
[WhiteElo "1989"]
[BlackElo "2060"]
[PlyCount "123"]
[EventDate "2024.03.24"]
[EventType "swiss"]
[EventRounds "9"]
[EventCountry "NOR"]
[SourceTitle "CB14_2024"]
[SourceDate "2024.04.01"]
[SourceVersion "1"]
[SourceVersionDate "2024.04.01"]
[SourceQuality "1"]

1. e4 c5 2. Nf3 Nc6 3. Bb5 d6 4. 0-0 Bd7 5. Re1 Nf6 6. c3 a6 7. Bf1 Bg4 8. h3 Bxf3 9. Qxf3 g6 10. d3 Bg7 11. Nd2 0-0 12. Qd1 Nd7 13. Nf3 b5 14. d4 Qc7 15. Be3 Rfb8 16. Rc1 a5 17. Nd2 e5 18. dxc5 dxc5 19. a4 bxa4 20. Nc4 Bf8 21. Qxa4 Nb6 22. Qa2 Nxc4 23. Bxc4 a4 24. Bd5 Ra7 25. Rc2 Qd7 26. Rd2 Qe8 27. Bxc6 Qxc6 28. Rd5 Rab7 29. Bc1 Qe8 30. Red1 Kg7 31. Qc4 Rc7 32. f4 f6 33. Qd3 Rbb7 34. fxe5 fxe5 35. Qg3 Rd7 36. Rxd7+ Rxd7 37. Rxd7+ Qxd7 38. Qxe5+ Kf7 39. Qd5+ Qxd5 40. exd5 Kf6 41. Kf2 Ke5 42. c4 Kd4 43. Bf4 Be7 44. Bc7 Kxc4 45. d6 Bh4+ 46. g3 Bf6 47. d7 Kb3 48. d8Q Bxd8 49. Bxd8 Kxb2 50. Ke3 a3 51. Kd3 a2 52. Kc4 a1Q 53. Bf6+ Ka2 54. Bxa1 Kxa1 55. Kxc5 Kb2 56. Kd4 Kc2 57. Ke5 Kd3 58. Kf6 Ke4 59. g4 Kf4 60. g5 Kg3 61. Kg7 Kh4 62. Kh6 1-0

[Event "Uppsala Young Champions 9th"]
[Site "Uppsala"]
[Date "2022.11.02"]
[Round "9"]
[White "Lilliehook, Victor"]
[Black "Briem, Benedikt"]
[Result "0-1"]
[WhiteElo "1683"]
[BlackElo "2208"]
[PlyCount "118"]
[EventDate "2022.10.28"]
[EventType "swiss"]
[EventRounds "9"]
[EventCountry "SWE"]
[SourceTitle "EXT 2024"]
[Source "ChessBase"]
[SourceDate "2023.10.10"]
[SourceVersion "1"]
[SourceVersionDate "2023.10.10"]
[SourceQuality "1"]

1. e4 c5 2. Nf3 Nc6 3. d4 cxd4 4. Nxd4 Nf6 5. Nc3 h5 6. f3 e5 7. Ndb5 d6 8. Bg5 a6 9. Na3 Be6 10. Qd2 Rc8 11. Nd5 Bxd5 12. Bxf6 gxf6 13. Qxd5 Qe7 14. 0-0-0 Nd4 15. Qa5 Qc7 16. Qxc7 Rxc7 17. Kb1 b5 18. c3 Nc6 19. Nc2 Kd7 20. Ne3 Ne7 21. c4 Bh6 22. Nd5 Nxd5 23. cxd5 Be3 24. g3 Rb8 25. Bh3+ Ke7 26. Rhe1 Bh6 27. Rd3 b4 28. b3 Rb5 29. Rdd1 Rbc5 30. Bf1 Rc2 31. Bxa6 Rxh2 32. Bc4 Ra7 33. Re2 Rh3 34. Rg2 Ra8 35. Be2 Rg8 36. g4 h4 37. Rf1 Be3 38. Bc4 Rh8 39. Re2 Bf4 40. Ree1 Rg3 41. Be2 h3 42. Rh1 h2 43. Ref1 Rg2 44. Bb5 Be3 45. Re1 Bd4 46. Ref1 Rg1 47. Ba6 Rxh1 48. Rxh1 Bg1 49. Bf1 f5 50. exf5 Kf6 51. Kc2 Kg5 52. Kb1 Kf4 53. Be2 Kg3 54. Kc2 Kg2 55. f4 exf4 56. Bd3 f3 57. Be4 Re8 58. Kd3 Rxe4 59. Kxe4 f2 0-1

[Event "Uppsala Young Champions 9th"]
[Site "Uppsala"]
[Date "2022.11.01"]
[Round "7"]
[White "Ostensson, Julia"]
[Black "Lilliehook, Victor"]
[Result "1/2-1/2"]
[WhiteElo "1847"]
[BlackElo "1683"]
[PlyCount "125"]
[EventDate "2022.10.28"]
[EventType "swiss"]
[EventRounds "9"]
[EventCountry "SWE"]
[SourceTitle "EXT 2024"]
[Source "ChessBase"]
[SourceDate "2023.10.10"]
[SourceVersion "1"]
[SourceVersionDate "2023.10.10"]
[SourceQuality "1"]

1. e4 c5 2. Nf3 d6 3. d4 cxd4 4. Nxd4 Nf6 5. Nc3 g6 6. Be3 Bg7 7. f3 0-0 8. Qd2 Nc6 9. 0-0-0 d5 10. exd5 Nxd5 11. Nxc6 bxc6 12. Bd4 e5 13. Bc5 Re8 14. Ne4 Qc7 15. h4 f5 16. Nd6 Rd8 17. Nxc8 Raxc8 18. Bc4 h5 19. Qf2 Kh7 20. Rhe1 Qb7 21. Bb3 a5 22. a4 Rd7 23. Qg1 Rcd8 24. g4 Nf4 25. Rxd7 Qxd7 26. gxf5 gxf5 27. Be3 Bh6 28. Qf2 Qg7 29. Kb1 Qg2 30. Bc4 Qxf2 31. Bxf2 Ng6 32. Bd3 Rf8 33. Bg3 f4 34. Bf2 Bg7 35. Bc5 Rf6 36. Rxe5 Kh6 37. Bxg6 Rxg6 38. Rf5 Rf6 39. Rxf6+ Bxf6 40. Bf2 Kg6 41. c3 Kf5 42. Kc2 Be7 43. Kd3 Ke5 44. Kc4 Ke6 45. b4 axb4 46. cxb4 Kd7 47. b5 cxb5+ 48. axb5 Kc7 49. Kd5 Ba3 50. Ke4 Bc1 51. Kd5 Be3 52. Be1 Kb6 53. Kc4 Bg1 54. Bc3 Bh2 55. Bd4+ Kb7 56. Kd5 Bg3 57. Ke4 Kc7 58. Kf5 Bxh4 59. Kxf4 Be7 60. Kf5 Kb7 61. Bf6 Bxf6 62. Kf4 Kb6 63. Kg3 1/2-1/2

[Event "Uppsala Young Champions 9th"]
[Site "Uppsala"]
[Date "2022.10.30"]
[Round "4"]
[White "Lilliehook, Victor"]
[Black "Nesse, David"]
[Result "0-1"]
[WhiteElo "1683"]
[BlackElo "1816"]
[PlyCount "74"]
[EventDate "2022.10.28"]
[EventType "swiss"]
[EventRounds "9"]
[EventCountry "SWE"]
[SourceTitle "EXT 2024"]
[Source "ChessBase"]
[SourceDate "2023.10.10"]
[SourceVersion "1"]
[SourceVersionDate "2023.10.10"]
[SourceQuality "1"]

1. e4 g6 2. d4 Bg7 3. Be3 d6 4. f3 a6 5. Nc3 b5 6. a3 Nd7 7. Qd2 Bb7 8. d5 Rc8 9. Nge2 Ne5 10. Nd4 h6 11. Be2 Nf6 12. g4 c6 13. dxc6 Bxc6 14. 0-0-0 Qd7 15. h4 Rb8 16. g5 hxg5 17. hxg5 Nh5 18. f4 Nc4 19. Bxc4 bxc4 20. f5 Qb7 21. Qf2 Bxe4 22. Nxe4 Qxe4 23. f6 exf6 24. Rde1 0-0 25. Rxh5 fxg5 26. Rxg5 Bh6 27. Qg2 Rfe8 28. Qxe4 Rxe4 29. Rg3 Bxe3+ 30. Rgxe3 Rxd4 31. Re8+ Rxe8 32. Rxe8+ Kg7 33. Ra8 g5 34. Rxa6 g4 35. Ra5 d5 36. Ra8 g3 37. Re8 Re4 0-1

[Event "Ostersund Storsjodraget op"]
[Site "Ostersund"]
[Date "2022.06.10"]
[Round "1"]
[White "Lilliehook, Victor"]
[Black "Lind, Jan Olov"]
[Result "0-1"]
[WhiteElo "1648"]
[BlackElo "2169"]
[PlyCount "74"]
[EventDate "2022.06.10"]
[EventType "swiss"]
[EventRounds "7"]
[EventCountry "SWE"]
[SourceTitle "CBM 208 Extra"]
[Source "ChessBase"]
[SourceDate "2022.07.31"]
[SourceVersion "1"]
[SourceVersionDate "2022.07.31"]
[SourceQuality "1"]

1. e4 c5 2. Nf3 g6 3. d4 cxd4 4. Nxd4 Bg7 5. Be3 Nc6 6. Bc4 Nf6 7. Nc3 0-0 8. 0-0 Nxe4 9. Nxe4 d5 10. Bxd5 Qxd5 11. Nc3 Qc4 12. Nxc6 bxc6 13. Qd2 Ba6 14. Rfd1 Rab8 15. Rab1 Rb7 16. Bd4 Rd8 17. b3 Qxd4 18. Qe1 Qb6 19. Na4 Rxd1 20. Rxd1 Qc7 21. Nc5 Qb6 22. Nxb7 Qxb7 23. Rd8+ Bf8 24. Qe5 f6 25. Qb8 Qxb8 26. Rxb8 Kf7 27. Ra8 Be2 28. Rxa7 Ke8 29. Rc7 e5 30. Rxc6 Be7 31. a4 Kd7 32. Rc3 Ba6 33. Rh3 h5 34. Rc3 f5 35. f3 Bb4 36. Re3 Bc5 37. Kf2 f4 0-1